000 00337nam a22001457a 4500
003 OSt
005 20160727222351.0
008 160622b xxu||||| |||| 00| 0 eng d
040 _cTest
100 _9391
_aJasnita
245 _aIllustrated Bible Stories
260 _aD
_bTiny
_c1998
300 _aIllustrated Bible Stories
942 _2ddc
_cBK
999 _c321
_d321